00414nam a2200133Ia 4500020001800000082001600018245009000034260003700124300001000161504001500171650002800186650004400214700002200258 a81-7002-026-3 aRR 921 THI; 0aThinkers of the 20th century: a biographical, bibliographical and critical dictionary aNew DelhibHimalayan Booksc1987 a643p. aRef. books aBiography - Directories aPhilosophers - Biography - 20th century aDevine, Elizabeth